Engineering economy (Record no. 1549)

000 -LEADER
fixed length control field 00674nam a22002294a 4500
001 - CONTROL NUMBER
control field 1549
003 - CONTROL NUMBER IDENTIFIER
control field BD-DhUET
008 - FIXED-LENGTH DATA ELEMENTS--GENERAL INFORMATION
fixed length control field 000424s2001 njua b 001 0 eng
020 ## - INTERNATIONAL STANDARD BOOK NUMBER
International Standard Book Number 013028128X
040 ## - CATALOGING SOURCE
Original cataloging agency DLC
Transcribing agency DLC
Modifying agency BD-DhUET
082 00 - DEWEY DECIMAL CLASSIFICATION NUMBER
Classification number 620.02
Item number THU/2001
100 ## - MAIN ENTRY--PERSONAL NAME
Personal name Thuesen, G. J.
245 10 - TITLE STATEMENT
Title Engineering economy
Statement of responsibility, etc. by G.J. Thuesen and W.J. Fabrycky
250 ## - EDITION STATEMENT
Edition statement 9th ed.
260 ## - PUBLICATION, DISTRIBUTION, ETC. (IMPRINT)
Place of publication, distribution, etc. New Jersy
Name of publisher, distributor, etc. Prentice Hall
Date of publication, distribution, etc. 2001
300 ## - PHYSICAL DESCRIPTION
Extent xiv, 637 p.
Other physical details ill.
Dimensions 25 cm.
490 ## - SERIES STATEMENT
Series statement Prentice hall international series in industrial and sytems engineering
504 ## - BIBLIOGRAPHY, ETC. NOTE
Bibliography, etc Includes bibliographies
650 #0 - SUBJECT ADDED ENTRY--TOPICAL TERM
Topical term or geographic name as entry element Engineering economy
700 1# - ADDED ENTRY--PERSONAL NAME
Personal name Fabrycky, W. J.
942 ## - ADDED ENTRY ELEMENTS (KOHA)
Koha item type General Book
Holdings
Koha date last borrowed Not for loan Date acquired Koha normalized classification for sorting Price effective from Koha date last seen Location (home branch) Sublocation or collection (holding branch) Withdrawn status Koha item type Lost status Koha issues (times borrowed) Koha full call number Damaged status Copy number Piece designation (barcode) Shelving location Source of classification or shelving scheme
  2014-09-08620_000000000000000_02THU20012014-09-082014-09-08Central Library, BUETCentral Library, BUET General Book  620.02/THU/2001 1102596Circulation section 
  2014-09-08620_000000000000000_02THU20012014-09-082014-09-08Central Library, BUETCentral Library, BUET General Book  620.02/THU/2001 2102594Circulation section 
2021-11-29 2014-09-08620_000000000000000_02THU20012014-09-082021-12-20Central Library, BUETCentral Library, BUET General Book 1620.02/THU/2001 3102590Circulation section 
  2014-09-08620_000000000000000_02THU20012014-09-082014-09-08Central Library, BUETCentral Library, BUET General Book  620.02/THU/2001 4102595Circulation section 
  2014-09-08620_000000000000000_02THU20012014-09-082014-09-08Central Library, BUETCentral Library, BUET General Book  620.02/THU/2001 5102589Circulation section 
  2014-09-08620_000000000000000_02THU20012014-09-082014-09-08Central Library, BUETCentral Library, BUET General Book  620.02/THU/2001 6102588Circulation section 
2022-03-21 2014-09-08620_000000000000000_02THU20012014-09-082022-04-16Central Library, BUETCentral Library, BUET General Book 2620.02/THU/2001 8102592Circulation section 
  2014-09-08620_000000000000000_02THU20012014-09-082014-09-08Central Library, BUETCentral Library, BUET General Book  620.02/THU/2001 9102591Circulation section 
  2014-09-15620_000000000000000_02THU20012014-09-152014-09-15Central Library, BUETCentral Library, BUET General Book  620.02/THU/2001 10102593Circulation section 
2021-12-04 2014-09-27620_000000000000000_02THU20012014-09-272021-12-20Central Library, BUETCentral Library, BUET General Book 3620.02/THU/2001 11101877Circulation section 
  2014-10-19620_000000000000000_02THU20012014-10-192014-10-19Central Library, BUETCentral Library, BUET General Book  620.02/THU/2001 12112838Circulation section 
  2014-11-23620_020000000000000_THU_20012014-11-232014-11-23Central Library, BUETCentral Library, BUET General Book  620.02/THU/2001 13101878Circulation section